| 000 | 00985nam a22002657a 4500 | ||
|---|---|---|---|
| 003 | BD-DhSAU | ||
| 005 | 20181206123408.0 | ||
| 008 | 161006b2016 bg ad||| |||| 00| 0 eng d | ||
| 040 | _aBD-DhSAU | ||
| 082 |
_222 _a630 _bAn32 |
||
| 100 |
_a Anee,Taufika Islam _4Registration No:10-03890 |
||
| 245 |
_aMorpho-Physiological, yield and oxidative stress responses of Sesame under waterlogging stress/ _c Anee,Taufika Islam _bMs Thesis |
||
| 260 |
_aDhaka : Sher- e- Bangla Agricultural University : _bDepartment of Agronomy , _c2016 |
||
| 300 |
_axv, 110 p. : _bill. ; _c30 cm. |
||
| 504 | _aIncludes bibliographical references. | ||
| 590 | _aShofi | ||
| 650 | _aAgronomy | ||
| 650 | _aMorpho-Physiological, | ||
| 650 | _aSesame | ||
| 650 | _aoxidative stress | ||
| 700 |
_a Hasanzzaman, Mirza _4Supervisor |
||
| 700 |
_a Biswas,Parimal Kanti _4Co-Supervisor |
||
| 856 |
_uhttp://archive.saulibrary.edu.bd:8080/xmlui/handle/123456789/568 _yOnline Access |
||
| 942 |
_2ddc _cTHESIS |
||
| 999 |
_c14036 _d14035 |
||